000 00596nam a2200229Ia 4500
003 OSt
005 20230515151310.0
008 210423s2011 xx 000 0 und d
020 _a978-93-5024-941-3
040 _cAL
041 _aeng
082 _a001.422 MISH
100 _aMISHRA (Anil Kumar)
_9104309
245 _aHand book on SPSS for research work
260 _aNew Delhi
_bHimalaya Publishing House
_c2011
300 _a146
_bPB
365 _b130
_cINR
650 _aGeneral
_9104310
650 _aResearch
_9104311
906 _aHand ; research ; SPSS ; work
942 _2ddc
_cBK
999 _c166191
_d166191